El frío invernal, factor limitante para el cultivo frutal: modelos y métodos para determinar la acumulación de frío y de calor en frutales
Zapisane w:
| 1. autor: | |
|---|---|
| Format: | Książka |
| Język: | hiszpański |
| Wydane: |
Madrid
A. Madrid Vicente
1996
|
| Hasła przedmiotowe: | |
| Etykiety: |
Dodaj etykietę
Nie ma etykietki, Dołącz pierwszą etykiete!
|
MARC
| LEADER | 00000nam a2200000 a 4500 | ||
|---|---|---|---|
| 001 | UCP6134 | ||
| 003 | CL-VaPUC | ||
| 008 | 991008e19960000SP |||||||||||||||||spa|d | ||
| 082 | 0 | 4 | |a 634.1 |b MEL |2 21 |
| 100 | |a Melgarejo Moreno, Pablo |e autor |9 527563 | ||
| 245 | 1 | 3 | |a El frío invernal, factor limitante para el cultivo frutal: modelos y métodos para determinar la acumulación de frío y de calor en frutales |
| 300 | |a 166 p | ||
| 942 | |c BK | ||
| 945 | |d 19991008 00:00:00 |a vberengu | ||
| 260 | |a Madrid |b A. Madrid Vicente |c 1996 | ||
| 650 | 0 | |a Calor |9 260253 | |
| 650 | 0 | |a Cultivos |9 264356 | |
| 650 | 0 | |a Floración |9 264872 | |
| 650 | 7 | |a FRIO |2 CL-VaPUC |9 435002 | |
| 650 | 0 | |a Frutales |9 264870 | |
| 650 | 7 | |a TEMPERATURA |2 CL-VaPUC |9 435003 | |
| 583 | |a last modification |c 20170105 11:27:07 |k Rodrigo Vera | ||
| 999 | |c 283750 |d 283748 | ||
| 952 | |0 0 |1 0 |4 0 |6 634_100000000000000_MEL_1996 |7 0 |8 A |9 327175 |a BIBAGR |b BIBAGR |d 2019-11-20 |i 3493938 |o 634.1 MEL 1996 |p 3493938 |r 2025-01-20 |w 2019-11-20 |y BK |k AGR | ||